| 000 | 01049naa a22002897a 4500 | ||
|---|---|---|---|
| 001 | BR7200317 | ||
| 003 | BR-BrBNA | ||
| 005 | 20240918173435.0 | ||
| 007 | ta | ||
| 008 | 230509b bl.||||| |||| 00| 0 por d | ||
| 040 |
_aBR-BrBNA _bpor _cBiblioteca Nacional de Agricultura |
||
| 041 | _a(Pt) | ||
| 072 |
_aL73 _b6000 _b4120 |
||
| 090 | _aL73 BR7200317 | ||
| 100 | 1 | _aGouvea, W.D. | |
| 111 | 1 |
_a13. Congresso Brasileiro de Medicina Veterinaria _cBrasilia, DF (Brazil) _d19 Nov 1972 |
|
| 245 | 1 | _aCandidose em avicultura [Doenca animal; Fungo; Ave domestica; Infeccao] | |
| 260 | 3 |
_aBrasilia, DF (Brasil): _c1972. |
|
| 500 | _aAnais do 13. Congresso Brasileiro de Medicina Veterinaria Brasilia, DF (Brasil): 1972. p. 246-247 (BR7200317-AM)L73 | ||
| 650 | _aDoenca animal | ||
| 650 | _aAve domestica | ||
| 650 | _aFungo | ||
| 650 | _aInfeccao | ||
| 773 | 0 |
_tAnais do 13. Congresso Brasileiro de Medicina Veterinaria _wL73 BR7200317 _gBrasilia, DF (Brasil), 1972. p. 246-247 |
|
| 909 |
_a202404 _bLucia _c55 _dLucia Elande |
||
| 942 |
_cAM _2AGRIS |
||
| 999 |
_c304618 _d304618 |
||